Normal view
MARC view
- اللغة العربية-فقة اللغة-دراسات في فقة اللغة
Entry Topical Term
001 - CONTROL NUMBER
- control field: 26495
003 - CONTROL NUMBER IDENTIFIER
- control field: JO-AjAnu
005 - DATE AND TIME OF LATEST TRANSACTION
- control field: 20230606074519.0
008 - FIXED-LENGTH DATA ELEMENTS
- fixed length control field: 230606|| aca||aabn | a|a d
040 ## - CATALOGING SOURCE
- Original cataloging agency: JO-AjAnu
- Transcribing agency: JO-AjAnu
150 ## - HEADING--TOPICAL TERM
- Topical term or geographic name entry element: اللغة العربية-فقة اللغة-دراسات في فقة اللغة
670 ## - SOURCE DATA FOUND
- Source citation: Work cat.: (JO-AjAnu)13613: تاليف الصالح، صبحي, author 26494, دراسات في فقة اللغة